| 000 | 01273cam a2200325 a 4500 | ||
|---|---|---|---|
| 001 | 15578072 | ||
| 005 | 20141120140710.0 | ||
| 008 | 090107s2009 enkab b 001 0 eng | ||
| 010 | _a 2009000482 | ||
| 020 | _a9780273717102 (pbk. : alk. paper) | ||
| 020 | _a0273717103 (pbk. : alk. paper) | ||
| 035 | _a(OCoLC)ocn298113120 | ||
| 040 |
_aDLC _cDLC _dYDXCP _dBWK _dBWKUK _dBTCTA _dDLC |
||
| 050 | 0 | 0 |
_aG 155.A1 _b.H647 2009 |
| 082 | 0 | 0 | _a910.68 |
| 100 | 1 | _aHolloway, J. Christopher. | |
| 245 | 1 | 4 |
_aThe business of tourism / _cJ. Christopher Holloway ; with Claire Humphreys and Rob Davidson. |
| 250 | _a8th ed. | ||
| 260 |
_aHarlow, England ; _aNew York : _bFinancial Times/Prentice Hall, _c2009. |
||
| 300 |
_axiv, 776 pages : _bcolored illustrations, maps ; _c27 cm. |
||
| 504 | _aIncludes bibliographical references (p. [732]-749) and index. | ||
| 521 | _aTourism | ||
| 650 | 0 | _aTourism. | |
| 650 | 0 |
_aTourism _xMarketing. |
|
| 700 | 1 | _aHumphreys, Claire. | |
| 700 | 1 |
_aDavidson, Rob, _d1955- |
|
| 906 |
_a7 _bcbc _corignew _d1 _eecip _f20 _gy-gencatlg |
||
| 942 |
_2lcc _cBK _kFOR |
||
| 999 |
_c276857 _d276857 |
||